00384 2200157 4500001002100000005001500021035002000036245004100056100001100097300002600108260003600134082000800170084001400178020002200192990001200214INLIS00000000000306420250922082443 a0010-09250004111 aHidayah-Mu Turun Di Jeddah /cRoidah0 aRoidah a245 hlm ;c14 x 20 cm aYogyakarta :bDiva Press,c2011 a813 a813 ROI h a978-602-978-467-1 a0755571